| 000 | 00347nam a2200145Ia 4500 | ||
|---|---|---|---|
| 008 | 191121s9999||||xx |||||||||||||| ||und|| | ||
| 040 | _aIMU-MPC | ||
| 082 | _aColumn-5 | ||
| 100 | _aNational Hydrographic Office | ||
| 245 | 4 | _aThe Nautical Almanac 2004 | |
| 260 | _bNational Hydrographic Office | ||
| 260 | _c2004 | ||
| 300 | _a319 | ||
| 942 | _cBK | ||
| 999 |
_c2116 _d2116 |
||